000 nam a22 7a 4500
999 _c8233
_d8233
008 171212b xxu||||| |||| 00| 0 eng d
100 _aSingh.R.etal.
_94567
245 _aTogether Action Words
260 _aNew Delhi
_bRachna
_c2009